000 00308nam a2200133Ia 4500
008 231129s1966||||xx |||||||||||||| ||spa||
040 _bspa
082 _aR 621.750202 S679m
100 _aSodano E.
245 0 _aManual del ajustador
260 _c1966
264 _aTecnicos Asociados
942 _2ddc
_cBKS
999 _c20474
_d20474